01893nam a2200313 4500001000400000003000400004005001700008008004100025040000800066041001300074082001500087100003900102245005600141260003500197300001100232490004300243500006100286520088000347650003001227650001801257650001801275650002701293655002601320655001601346830004701362942001501409952014201424999001301566318OSt20250327125651.0250325b |||||||e |||| 00| e eng d bpor hporapor a282bV658h1 aAntônio Vieira, Padred1608-1697 aHistórias do futuro / cAntônio Vieira, Padre ; aEspírito SantobFormarc1978 a179 p.1 aGrandes Mestres do PensamentovLivro 3 aVolume 3 da Coleção "Grande Mestres do Pensamentos". aHistória do Futuro é uma obra do Padre António Vieira, escrita no século XVII, que apresenta uma visão profética sobre o destino de Portugal e sua missão no mundo. Inspirado por conceitos religiosos e messiânicos, Vieira desenvolve a ideia do "Quinto Império", um período de glória e expansão do reino português, baseado em interpretações bíblicas e na crença de que Portugal teria um papel central na difusão do cristianismo. O livro mistura elementos históricos, teológicos e políticos, refletindo o pensamento visionário de Vieira e seu desejo de revitalização da nação portuguesa. Embora tenha sido proibido pela Inquisição e só publicado postumamente no século XVIII, História do Futuro continua sendo uma obra fundamental para compreender o pensamento sebastianista e a mentalidade messiânica da época. 0aLiteratura portuguesa991 0aTeologia9635 0aPolitica9138 0aEvangelização9636 0aNão Ficção9102 0aEnsaio9417 aGrandes Mestres do Pensamentovvol. 39596 2ddcn0cBK 00102ddc3vol. 0440708NFICaBIBIBbBIBIBcPFd2025-03-25edoaçãol0o282 / V658hp2025-17271r2025-03-25 10:06:02w2025-03-25yBK c318d318